[Event "Memorial Giorgi Tringov (open)"]
[Site "masterchessopen.com – Plovdiv (Bulgaria)"]
[Date "2007.02.11"]
[Round "9"]
[White "Berbatov Kiprian (BUL)"]
[Black "Zlatanovic Boroljub (SRB)"]
[Result "0-1"]
[WhiteElo "2170"]
[BlackElo "2371"]

1.e4 e6 2.d4 d5 3.Nd2 Nc6 4.Ngf3 Nf6 5.e5 Nd7 6.Bb5 Ncb8 7.O-O b6 8.Nb3 c6
9.Bd3 Ba6 10.Bxa6 Nxa6 11.Qe2 Nc7 12.c4 Be7 13.Be3 O-O 14.Rac1 Rc8 15.c5 Ne8
16.Rc2 f5 17.cxb6 axb6 18.Rfc1 Nb8 19.Bd2 g5 20.h3 h5 21.Nh2 Ng7 22.g4 Qe8
23.a3 fxg4 24.hxg4 Qg6 25.Bb4 Rc7 26.Bd2 hxg4 27.Nxg4 Nf5 28.Bb4 Kf7 {#R} 0-1

[Event "It (open) \"]
[Site "masterchessopen.com – Athens (Greece)"]
[Date "2007.03.28"]
[Round "6"]
[White "Kotrotsos Vasilios (GRE)"]
[Black "Savoglou Nikolaos (GRE)"]
[Result "1-0"]
[WhiteElo "2295"]
[BlackElo "1961"]

1.e4 e6 2.d4 d5 3.Nd2 Nc6 4.Ngf3 Nf6 5.e5 Nd7 6.Bd3 Nb4 7.Be2 c5 8.c3 Nc6
9.O-O f6 10.Re1 Be7 11.exf6 Nxf6 12.Ne5 O-O 13.Ndf3 cxd4 14.cxd4 Bd6 15.Bd3
Qc7 16.Be3 Bd7 17.Rc1 Rac8 18.h4 Be8 19.Ng5 Qe7 20.Bd2 Bd7 21.Nxd7 Qxd7
22.Nxe6 Rfe8 23.Bf5 {#r} 1-0

[Event "Ch Russia (club) (hl)"]
[Site "masterchessopen.com – Sochi (Russia)"]
[Date "2007.05.04"]
[Round "2"]
[White "Sjugirov Sanan (RUS)"]
[Black "Kuzovkin Alexander V (RUS)"]
[Result "1-0"]
[WhiteElo "2422"]
[BlackElo "2346"]

1.e4 e6 2.d4 d5 3.Nd2 Nc6 4.Ngf3 Nf6 5.e5 Nd7 6.Nb3 a5 7.a4 Be7 8.Bb5 Ncb8
9.O-O b6 10.c3 Ba6 11.Qe2 c6 12.Bxa6 Nxa6 13.Ne1 c5 14.f4 g6 15.g4 Qc7 16.Be3
Qb7 17.f5 gxf5 18.gxf5 O-O-O 19.fxe6 fxe6 20.Rf7 Rdg8+ 21.Ng2 Kd8 22.Qh5 Rg6
23.Kh1 Rxg2 24.Kxg2 Rg8+ 25.Kh1 h6 26.Bxh6 Qc6 27.Rxe7 {#r} 1-0

[Event "Ch Montenegro (1/2 final)"]
[Site "masterchessopen.com – Cetinje (Montenegro)"]
[Round "2"]
[White "Podlesnik Bogdan (MNE)"]
[Black "Abramovic Dragoljub (MNE)"]
[Result "1-0"]
[WhiteElo "2401"]
[BlackElo "2172"]

1.e4 e6 2.d4 d5 3.Nd2 Nc6 4.Ngf3 Nf6 5.e5 Nd7 6.c3 b6 7.Bd3 a5 8.Qe2 Bb7 9.Nf1
Qc8 10.Ng5 g6 11.Qf3 Nd8 12.h4 h6 13.Nxf7 Rg8 14.Nxh6 Bxh6 15.Bxh6 Ba6 16.Bb1
Nf7 17.Be3 c5 18.Qg4 Qc6 19.Ng3 O-O-O 20.Ne2 Qb5 21.b3 c4 22.Bc2 cxb3 23.axb3
Kb8 24.Rd1 Ka7 25.Rd2 Nfxe5 26.dxe5 Nxe5 27.Qf4 d4 28.Nxd4 Qd5 29.Qxe5 {#r}
1-0

[Event "It (open)"]
[Site "masterchessopen.com – Lodi (Italy)"]
[Date "2007.06.09"]
[Round "3"]
[White "Seps Monika (SUI)"]
[Black "Naumkin Igor (RUS)"]
[Result "0-1"]
[WhiteElo "2290"]
[BlackElo "2487"]

1.e4 e6 2.d4 d5 3.Nd2 Nc6 4.Ngf3 Nf6 5.e5 Nd7 6.Be2 f6 7.exf6 Qxf6 8.Nf1 Bd6
9.Bg5 Qf7 10.Ne3 O-O 11.O-O Nf6 12.c4 dxc4 13.Bxf6 Qxf6 14.Bxc4 Kh8 15.Ng4 Qf4
16.Ne3 e5 17.dxe5 Nxe5 18.Nxe5 Qxe5 19.g3 Bh3 20.Ng2 Bxg2 {#R} 0-1

[Event "It (open)"]
[Site "masterchessopen.com – Dortmund (Germany)"]
[Date "2007.06.26"]
[Round "4"]
[White "Matula Artur (GER)"]
[Black "Volkov Mykyta (GER)"]
[Result "0-1"]
[WhiteElo "1692"]
[BlackElo "2084"]

1.e4 e6 2.d4 d5 3.Nd2 Nc6 4.Ngf3 Nf6 5.e5 Nd7 6.Bd3 f6 7.exf6 Qxf6 8.c3 Bd6
9.O-O O-O 10.Qe2 e5 11.dxe5 Ndxe5 12.Nxe5 Nxe5 13.Bc2 Bg4 14.f3 Bh5 15.Nb3
Rae8 16.Qf2 Ng4 17.Qd2 Bxh2+ 18.Kh1 Qh4 19.Qg5 Nf2+ {#R} 0-1

[Event "It (cat.7)"]
[Site "masterchessopen.com – Lugansk (Ukraine)"]
[Date "2007.07.04"]
[Round "5"]
[White "Vysochin Spartak (UKR)"]
[Black "Blednov Stanislav (UKR)"]
[Result "1-0"]
[WhiteElo "2524"]
[BlackElo "2274"]

1.e4 Nc6 2.Nf3 e6 3.d4 d5 4.Nbd2 Nf6 5.e5 Ne4 6.Bd3 Nxd2 7.Bxd2 Be7 8.O-O h6
9.c3 b6 10.b4 Bb7 11.a4 Qd7 12.h4 a6 13.h5 a5 14.b5 Na7 15.Nh2 O-O-O 16.f4 f5
17.exf6 gxf6 18.Qe2 Rhg8 19.Rae1 Rg3 20.Bg6 Bd6 21.Qxe6 Qxe6 22.Rxe6 Rf8
23.Kf2 {#r} 1-0

[Event "It (open)"]
[Site "masterchessopen.com – Pszczyna (Poland)"]
[Date "2007.07.22"]
[Round "9"]
[White "Szczepkowska Karina (POL)"]
[Black "Orzechowski Jacek (POL)"]
[Result "1-0"]
[WhiteElo "2296"]
[BlackElo "2212"]

1.e4 e6 2.d4 d5 3.Nd2 Nc6 4.Ngf3 Nf6 5.e5 Nd7 6.Nb3 a5 7.a4 b6 8.Be3 Be7 9.Bb5
Ncb8 10.h4 c6 11.Bd3 Ba6 12.Nc1 Qc8 13.c3 Bxd3 14.Nxd3 c5 15.Rh3 Nc6 16.Kf1
Qa6 17.Kg1 c4 18.Nf4 b5 19.Nh5 g6 20.Ng7+ Kd8 21.h5 Kc7 22.Bg5 Bf8 23.Bf6 Nxf6
24.exf6 gxh5 25.Rxh5 bxa4 26.Ng5 Nd8 27.Rxh7 Rxh7 28.Nxh7 Nc6 29.Qh5 {#r} 1-0

[Event "It (open) \"]
[Site "masterchessopen.com – Pardubice (Czech Republic)"]
[Date "2007.07.25"]
[Round "6"]
[White "Simunek Filip (CZE)"]
[Black "Krouzel Jaroslav (CZE)"]
[Result "0-1"]
[WhiteElo "2107"]
[BlackElo "2163"]

1.e4 e6 2.d4 d5 3.Nd2 Nc6 4.Ngf3 Nf6 5.e5 Nd7 6.c3 f6 7.exf6 Qxf6 8.Bd3 Bd6
9.O-O O-O 10.Qb3 Nb6 11.Qc2 h6 12.b4 a6 13.Bb2 e5 14.dxe5 Nxe5 15.c4 dxc4
16.Bh7+ Kh8 17.Nxe5 Bxe5 18.Bxe5 Qxe5 19.Rae1 Qf6 20.Be4 c6 21.Nxc4 Nxc4
22.Qxc4 Be6 23.Qc2 Qf7 24.Bg6 Qf6 25.a3 a5 26.Qe4 Bd5 27.Qg4 axb4 28.axb4 Ra2
29.Re8 Qxf2+ {#R} 0-1

[Event "Ch City (open)"]
[Site "masterchessopen.com – Lipetsk (Russia)"]
[Date "2007.08.16"]
[Round "3"]
[White "Venevtsev Andrey (RUS)"]
[Black "Beliaev Vitaly (RUS)"]
[Result "1-0"]
[WhiteElo "2148"]
[BlackElo "2074"]

1.e4 e6 2.d4 d5 3.Nd2 Nc6 4.Ngf3 Nf6 5.e5 Nd7 6.Be2 f6 7.exf6 Qxf6 8.Nf1 e5
9.Ne3 Nxd4 10.Nxd4 exd4 11.Nxd5 Qe5 12.c4 c6 13.Bf4 Qf5 14.Nc7+ Kd8 15.O-O Nc5
16.Qxd4+ Bd7 17.Rad1 Rc8 18.b4 Na6 19.Nxa6 bxa6 20.Bg5+ {#r} 1-0

[Event "It (open)"]
[Site "masterchessopen.com – Collado Villalba (Spain)"]
[Date "2007.08.26"]
[Round "4"]
[White "Babaev Rashad (AZE)"]
[Black "Barria Daniel (CHI)"]
[Result "1-0"]
[WhiteElo "2444"]
[BlackElo "2462"]

{ Barria Daniel (CHI) +2 =0 -1 } 1.e4 e6 2.d4 d5 3.Nd2 Nc6 4.Ngf3 Nf6 5.e5 Nd7
6.Bd3 { ?/= } 6...f6 ( 6...Nb4 7.Be2 c5 8.c3 Nc6 9.O-O a5 10.Bb5 Be7 11.Re1
Na7 12.Bf1 O-O 13.dxc5 Nc6 14.Nb3 a4 15.Nbd4 Nxc5 16.Be3 Bd7 17.c4 a3 18.cxd5
axb2 19.Rb1 exd5 20.Rxb2 Na5 21.Nd2 Rc8 22.Rb1 Nc6 23.N2f3 Re8 24.Rc1 Nxd4
25.Qxd4 Qa5 26.Qxd5 { ...1/2-1/2, Timofeev Artyom 2657 - Zhang Pengxiang 2622
, Taiyuan 13. 7.2006 It (sheveningen) } ) 7.Ng5 ( 7.exf6 Qxf6 8.Nf1 e5 9.Ne3
Nxd4 10.Nxd5 Nxf3+ 11.Kf1 Qd6 12.Qxf3 Nc5 13.Bg5 Nxd3 14.cxd3 Be6 15.Nc3 Be7
16.Bxe7 Qxe7 17.Re1 O-O-O 18.Rxe5 Qd7 19.h3 Rhe8 20.Kg1 { 1/2-1/2, Degraeve
Jean-Marc 2553 - Zaragatski Ilja 2400 , Cappelle la Grande 20. 2.2006 It
(open) } ) 7...Ndxe5 8.dxe5 fxg5 9.Qh5+ g6 ( 9...Kd7 10.Nf3 h6 11.O-O Bc5 {
+0.37 CAP } ) 10.Bxg6+ Kd7 11.c4 { N } ( 11.f4 gxf4 12.Bd3 Qe8 13.Qe2 Nb4
14.O-O Nxd3 15.cxd3 b6 16.Rxf4 Ba6 17.Rf6 Rg8 18.Nf3 Qh5 19.Bf4 Qg4 20.Bg3 Be7
21.Qc2 Bb7 22.Rc1 c6 23.d4 h5 24.Rf4 Qg6 25.Bh4 Raf8 26.Bf6 Qxc2 27.Rxc2 c5
28.Rf2 cxd4 29.Nxd4 Bc5 30.h3 Rg3 { ...1-0, Caruana Fabiano 2549 - Zaragatski
Ilja 2480 , Vlissingen 7. 8.2007 It (open) } ) ( 11.Nf3 hxg6 12.Qxg6 Be7
13.Bxg5 ( 13.Be3 Qg8 14.Qd3 g4 15.Nd2 Qh7 16.Qb3 Nb4 17.O-O-O a5 18.Kb1 a4
19.Qc3 Ra6 20.Bc5 Nxc2 21.Bxe7 Ne3+ 22.Ka1 Nxd1 23.Rxd1 Qxe7 24.Ne4 Rc6 25.Qg3
Kd8 26.Qxg4 Bd7 27.Nf6 a3 { 0-1, Cupido Alexander 2145 - Meinhardt Maximilian
2378 , Vlissingen 9. 8.2007 It (open) } ) 13...Qg8 14.Qxg8 Rxg8 15.h4 b6
16.O-O-O Ba6 17.Bxe7 Kxe7 18.Rdg1 Raf8 19.Kd1 d4 20.h5 Bc4 21.h6 Bd5 22.Nh4
Be4 23.f3 Bh7 24.g3 Nxe5 25.f4 Ng4 26.Kd2 Nf2 27.Rh2 Ne4+ 28.Kd1 Rxf4 { 0-1,
Chekhov Valery A 2470 - Yurtaev Leonid 2519 , Vilnius 1978 Ch URS (young
masters) } ) ( 11.O-O Nxe5 12.Bd3 Bd6 13.Nb3 Qe8 14.Qe2 Nxd3 15.cxd3 Qg6 16.f4
g4 17.Nd4 Rf8 18.Be3 b6 19.Qc2 Bb7 20.b4 c6 21.a3 Rac8 22.Rac1 Ba6 23.f5 exf5
24.Bf4 Bxf4 25.Rxf4 Rce8 26.Rcf1 Re5 27.Qa4 Bb7 28.Qxa7 Kc7 29.Rc1 Ra8 30.Nb5+
{ 1-0, Chernov Vadim 2458 - Hilmer Frank 2172 , Hassloch 3. 6.2006 It (open) }
) ( 11.Bd3 Nxe5 12.Nf3 Bb4+ 13.Kf1 Nxf3 14.gxf3 Be7 15.Bd2 Qe8 16.Qxe8+ Kxe8
17.Bc3 Rf8 18.Bxh7 Rxf3 19.Kg2 Rf4 20.Be5 Rh4 21.Bg6+ Kd7 22.Rae1 Bd6 23.Rhg1
Rg4+ 24.Bg3 Ra4 25.a3 Ke7 26.Re3 Bd7 27.Rge1 Bf4 28.R3e2 Kf6 29.Bd3 Re8
30.Bxf4 Rxf4 { ...0-1, Brynell Stellan 2493 - Prie Eric 2405 , Haifa 1989 Ch
Europe (team) } ) 11...Nxe5 { +0.89 CAP } 12.Bc2 Qf6 13.O-O Bd6 14.b4 Ng6
15.Rb1 Nf4 16.Qd1 Qh6 17.g3 Qh3 { ?! } ( 17...Nh3+ { !? } 18.Kg2 Rf8 19.Nf3
dxc4 20.Nxg5 Nxg5 21.h4 Qg7 22.hxg5 b5 23.Be4 Rb8 24.Re1 Bb7 { } ) 18.gxf4
Bxf4 19.Nf3 g4 20.Qd4 gxf3 21.Qg7+ Kc6 22.b5+ Kb6 23.c5+ Kxc5 24.Ba3+ Kb6
25.Qd4+ { } {#r} 1-0

[Event "Ch Europe (juniors) (under 10)"]
[Site "masterchessopen.com – Sibenik (Croatia)"]
[Date "2007.09.23"]
[Round "9"]
[White "Sanal Vahap (TUR)"]
[Black "Duda Jan-Krzysztof (POL)"]
[Result "0-1"]
[WhiteElo "2271"]
[BlackElo "1901"]

1.e4 e6 2.d4 d5 3.Nd2 Nc6 4.Ngf3 Nf6 5.e5 Nd7 6.Bb5 a6 7.Bxc6 bxc6 8.Nb3 c5
9.Bg5 f6 10.exf6 gxf6 11.Bh4 c4 12.Nbd2 Bd6 13.O-O Kf7 14.Re1 Rg8 15.Re2 Nb6
16.a4 Bd7 17.a5 Nc8 18.Nf1 Rb8 19.c3 Ne7 20.Ng3 Rg6 21.Nd2 Rxb2 22.Nh5 f5
23.Bxe7 Kxe7 24.g3 Rg4 {#R} 0-1

[Event "Tournament (Elo)"]
[Site "masterchessopen.com – Nizhnij Novgorod (Russia)"]
[Round "0"]
[White "Belenov Dmitry N (RUS)"]
[Black "Skomorokhin Roman (RUS)"]
[Result "0-1"]
[WhiteElo "2371"]
[BlackElo "2373"]

1.e4 e6 2.d4 d5 3.Nd2 Nc6 4.Ngf3 Nf6 5.e5 Nd7 6.Bb5 Ncb8 7.O-O c6 8.Bd3 b6
9.Re1 Be7 10.c3 a5 11.Nf1 Ba6 12.Bb1 c5 13.Ng3 h5 14.Qd2 Nc6 15.dxc5 bxc5
16.Qf4 Ra7 17.h4 Nb6 18.a4 g6 19.b3 Bf8 20.Ng5 Qe7 21.Qe3 Qc7 22.f4 d4 23.cxd4
Nd5 24.Qf2 Nxd4 25.N3e4 Nb4 26.Nd6+ Bxd6 27.exd6 Qxd6 28.Bxg6 Bc8 29.Nxf7 Rxf7
30.f5 Rh7 {#R} 0-1

[Event "Memorial I.Ijevlev"]
[Site "masterchessopen.com – Lagan (Russia)"]
[Round "6"]
[White "Mandzhiev Vladimir (RUS)"]
[Black "Lizinov Serguei (RUS)"]
[Result "1-0"]
[WhiteElo "1713"]
[BlackElo "1986"]

1.e4 e6 2.d4 d5 3.Nd2 Nc6 4.Ngf3 Nf6 5.Bd3 Nb4 6.Qe2 Nxd3+ 7.Qxd3 Be7 8.O-O
O-O 9.e5 Nd7 10.Re1 c5 11.c3 f6 12.Nf1 fxe5 13.Nxe5 Nxe5 14.dxe5 c4 15.Qh3 Bd7
16.Ng3 Bc5 17.Re2 Bxf2+ 18.Rxf2 Qb6 19.Nh1 d4 20.cxd4 Qxd4 21.Be3 Qxe5 22.Rd1
Ba4 23.Bd4 Qd5 24.Rdd2 Qe4 25.Ng3 Qe1+ 26.Nf1 Qe4 27.Qg3 g6 28.Qc7 e5 29.Bxe5
{#r} 1-0

[Event "Ch Greece (juniors) (under 20)"]
[Site "masterchessopen.com – Kalamata (Greece)"]
[Date "2008.01.02"]
[Round "1"]
[White "Diasakos Spyridon (GRE)"]
[Black "Stavrianakis Ioannis (GRE)"]
[Result "0-1"]
[WhiteElo "1538"]
[BlackElo "2192"]

1.e4 e6 2.d4 d5 3.Nd2 Nc6 4.Ngf3 Nf6 5.e5 Nd7 6.c3 f6 7.exf6 Qxf6 8.Bd3 Bd6
9.Nf1 O-O 10.Bg5 Qf7 11.Qc2 g6 12.h4 e5 13.dxe5 Ndxe5 14.Nxe5 Nxe5 15.O-O-O
Qxf2 16.Nd2 Bg4 17.Rdf1 Qg3 18.Rxf8+ Rxf8 19.h5 Nxd3+ 20.Kb1 Bf5 {#R} 0-1

[Event "It (open) (b)"]
[Site "masterchessopen.com – Zupanja (Croatia)"]
[Date "2008.01.06"]
[Round "6"]
[White "Stojanovic Marija (MNE)"]
[Black "Pandurevic Miro (CRO)"]
[Result "0-1"]
[WhiteElo "2199"]
[BlackElo "2250"]

1.e4 e6 2.d4 d5 3.Nd2 Nc6 4.Ngf3 Nf6 5.e5 Nd7 6.c3 f6 7.exf6 Qxf6 8.Bb5 Bd6
9.O-O O-O 10.Bxc6 bxc6 11.c4 c5 12.dxc5 Nxc5 13.Rb1 Nd3 14.Qb3 Nxc1 15.Rbxc1
c6 16.c5 Bc7 17.Qa4 e5 18.Qh4 Qxh4 19.Nxh4 e4 20.g3 Be5 21.b3 Ba6 22.Ng2 {#R}
0-1

[Event "Tournament (Elo) (c)"]
[Site "masterchessopen.com – Warsaw (Poland)"]
[Date "2008.03.13"]
[Round "11"]
[White "Szwaj Jacek (POL)"]
[Black "Rzepecka Dorota (POL)"]
[Result "1-0"]
[WhiteElo "1840"]
[BlackElo "1895"]

1.e4 e6 2.d4 d5 3.Nd2 Nc6 4.Ngf3 Nf6 5.e5 Nd7 6.c3 f6 7.Bb5 fxe5 8.dxe5 Be7
9.O-O O-O 10.Qe2 a6 11.Bxc6 bxc6 12.Nd4 Nc5 13.Nxc6 Qe8 14.Nxe7+ Qxe7 15.b3 a5
16.Ba3 {#r} 1-0

[Event "It (open)"]
[Site "masterchessopen.com – Ceriano Laghetto (Italy)"]
[Date "2008.03.30"]
[Round "5"]
[White "Martinez Rolly (PHI)"]
[Black "Quaranta Cristiano (ITA)"]
[Result "1-0"]
[WhiteElo "2424"]
[BlackElo "2136"]

1.e4 e6 2.d4 d5 3.Nd2 Nc6 4.Ngf3 Nf6 5.e5 Nd7 6.c3 f6 7.Bb5 a6 8.Bxc6 bxc6
9.Qa4 Nb6 10.Qa5 Be7 11.b3 O-O 12.O-O Nd7 13.Ba3 fxe5 14.Bxe7 Qxe7 15.Qxc7
exd4 16.cxd4 c5 17.Rfe1 cxd4 18.Qc6 Rb8 19.Qxd5 Rb5 20.Qxd4 Rbf5 21.Rac1 Qe8
22.Rc7 R5f6 23.Rec1 {#r} 1-0

[Event "Ch City (1/2 final)"]
[Site "masterchessopen.com – Irkutsk (Russia)"]
[Round "7"]
[White "Rozhnev Gennady (RUS)"]
[Black "Kopylov Oleg (RUS)"]
[Result "1-0"]
[WhiteElo "2120"]
[BlackElo "2006"]

1.e4 e6 2.d4 d5 3.Nd2 Nc6 4.Ngf3 Nf6 5.e5 Nd7 6.Bd3 Nb4 7.Be2 c5 8.c3 Nc6
9.O-O f5 10.exf6 Qxf6 11.Nb3 c4 12.Bg5 Qf7 13.Nbd2 b5 14.Re1 Bd6 15.a4 b4
16.Nxc4 dxc4 17.Bxc4 Nb6 18.Bb5 Bd7 19.d5 {#r} 1-0

[Event "Ch City"]
[Site "masterchessopen.com – Toljatti (Russia)"]
[Round "3"]
[White "Nemov Anton (RUS)"]
[Black "Bondar Vladimir A (RUS)"]
[Result "1-0"]
[WhiteElo "2129"]
[BlackElo "2205"]

1.e4 e6 2.d4 d5 3.Nd2 Nc6 4.Ngf3 Nf6 5.e5 Nd7 6.c3 Be7 7.Bd3 Ncb8 8.Qa4 c6
9.h4 a5 10.Rh3 b5 11.Qc2 h6 12.Nf1 b4 13.Rg3 Kf8 14.Rg4 Ba6 15.Bg6 f6 16.Bh5
f5 17.Rg6 Qe8 18.Ng3 Qf7 19.Rxh6 gxh6 20.Bxf7 Kxf7 21.Nxf5 exf5 22.Qxf5+ Kg7
23.e6 Nf6 24.Ne5 {#r} 1-0

[Event "Ch Slovakia (open) (b)"]
[Site "masterchessopen.com – Zvolen (Slovakia)"]
[Date "2008.07.08"]
[Round "4"]
[White "Petrigacova Daniela (SVK)"]
[Black "Malar Pavol (SVK)"]
[Result "0-1"]
[WhiteElo "1824"]
[BlackElo "2090"]

1.e4 e6 2.d4 d5 3.Nd2 Nc6 4.Ngf3 Nf6 5.e5 Nd7 6.Be2 f6 7.exf6 Qxf6 8.Nb3 Bd6
9.Bg5 Qf7 10.Qd2 O-O 11.O-O-O a5 12.a4 Nb6 13.Bb5 Nb4 14.c3 c6 15.cxb4 cxb5
16.bxa5 bxa4 17.Nc5 Nc4 18.Qc2 Rxa5 19.Bd2 a3 20.bxa3 Rxa3 21.Bc3 b6 22.Nb3
Bd7 23.Ng5 Bf4+ 24.Bd2 Bxg5 25.Bxg5 Ba4 26.Rd3 Ra1+ 27.Nxa1 Bxc2 28.Nxc2 Qxf2
29.g3 Qf5 {#R} 0-1

[Event "Ch Slovakia (open) (b)"]
[Site "masterchessopen.com – Zvolen (Slovakia)"]
[Date "2008.07.10"]
[Round "6"]
[White "Vronka Peter (SVK)"]
[Black "Malar Pavol (SVK)"]
[Result "0-1"]
[WhiteElo "1911"]
[BlackElo "2090"]

1.e4 e6 2.d4 d5 3.Nd2 Nc6 4.Ngf3 Nf6 5.e5 Nd7 6.Bb5 a6 7.Bxc6 bxc6 8.Nb3 a5
9.O-O a4 10.Nbd2 a3 11.b3 Bb4 12.c4 Ba6 13.Qc2 c5 14.Rd1 cxd4 15.Nxd4 Nxe5
16.Re1 dxc4 17.Nxe6 fxe6 18.Rxe5 O-O 19.Nf3 c3 20.Be3 Bd3 21.Qc1 Qd6 22.Rg5 c5
23.Ne1 e5 24.Nxd3 Qxd3 25.Rxe5 c2 26.Qf1 Rfd8 27.Re8+ Kf7 28.Qxd3 Rxd3 29.Rxa8
Rd1+ {#R} 0-1

[Event "Tournament (Elo)"]
[Site "masterchessopen.com – Goteborg (Sweden)"]
[Date "2008.08.04"]
[Round "3"]
[White "Liden Tommy (SWE)"]
[Black "Eriksson Linus"]
[Result "0-1"]
[WhiteElo "1937"]
[BlackElo "1902"]

1.e4 e6 2.d4 d5 3.Nd2 Nc6 4.Ngf3 Nf6 5.e5 Nd7 6.c3 f6 7.exf6 Qxf6 8.Bd3 Bd6
9.O-O O-O 10.Qe2 e5 11.dxe5 Ndxe5 12.Nxe5 Nxe5 13.Bc2 Bg4 14.f3 Bh5 15.b4 Rae8
16.Qf2 Nc6 17.b5 Qxc3 18.Nb3 Nb4 19.Bb1 Nd3 20.Qxa7 Nxc1 21.Qxb7 Ne2+ 22.Kh1
Nf4 23.g4 Qxf3+ {#R} 0-1

[Event "Ch Spain (w)"]
[Site "masterchessopen.com – Novetle (Spain)"]
[Date "2008.08.07"]
[Round "5"]
[White "Perez Castellano Susana (ESP)"]
[Black "Collado Barbas Laura (ESP)"]
[Result "0-1"]
[WhiteElo "1857"]
[BlackElo "2040"]

1.e4 e6 2.d4 d5 3.Nd2 Nc6 4.Ngf3 Nf6 5.e5 Nd7 6.c3 f6 7.Bb5 a6 8.Bxc6 bxc6
9.O-O c5 10.Qa4 Bb7 11.exf6 gxf6 12.Re1 Kf7 13.dxc5 Nxc5 14.Qg4 h5 15.Qh3 Bc8
16.Nh4 e5 17.Qe3 Qd6 18.b4 Ne6 19.Nf5 Qd7 20.Nf3 Nf4 21.N5h4 Bh6 22.Nxe5+ fxe5
23.Qxe5 Re8 24.Qxe8+ Qxe8 25.Rxe8 Kxe8 26.Nf3 Ne2+ {#R} 0-1

[Event "Memorial E.Geller (open)"]
[Site "masterchessopen.com – Odessa (Ukraine)"]
[Date "2008.09.13"]
[Round "5"]
[White "Zherebukh Yaroslav (UKR)"]
[Black "Dmitriev Igor (RUS)"]
[Result "1-0"]
[WhiteElo "2473"]
[BlackElo "2350"]

1.e4 Nc6 2.Nf3 e6 3.d4 d5 4.Nbd2 Nf6 5.e5 Nd7 6.Be2 Nb6 7.Nf1 Bd7 8.Ne3 a5
9.O-O a4 10.Bd2 Be7 11.b3 O-O 12.c4 axb3 13.axb3 Rxa1 14.Qxa1 Qa8 15.Qb1 Be8
16.Bd3 Kh8 17.Ng4 Qd8 18.c5 Nd7 19.b4 f5 20.exf6 Nxf6 21.Nge5 Nxe5 22.Nxe5 h6
23.Qc1 g5 24.Bxg5 hxg5 25.Qxg5 Bf7 26.Qh6+ Kg8 27.Re1 Qa8 28.h3 {#r} 1-0

[Event "Czech League 2008/09 (2nd) (b)"]
[Site "masterchessopen.com – Czech Republic"]
[Date "2008.10.12"]
[Round "1"]
[White "Trapl Jindrich (CZE)"]
[Black "Kucera Petr (CZE)"]
[Result "0-1"]
[WhiteElo "2353"]
[BlackElo "2305"]

1.e4 e6 2.d4 d5 3.Nd2 Nc6 4.Ngf3 Nf6 5.e5 Nd7 6.Bb5 a5 7.O-O Na7 8.Bd3 c5
9.dxc5 Nxc5 10.Nb3 Nxd3 11.cxd3 Nc6 12.Bg5 Be7 13.Bxe7 Qxe7 14.Rc1 O-O 15.a3
Bd7 16.Qd2 Rfc8 17.Nbd4 Qd8 18.Nxc6 Rxc6 19.Qe3 Rxc1 20.Rxc1 Rc8 21.g3 h6
22.Rc5 b6 23.Rxc8 Bxc8 24.Qc1 Ba6 25.Qc3 Qb8 26.Nd2 Qe8 27.Kf1 Qa4 28.Ke2 Qg4+
29.Nf3 Qe4+ {#R} 0-1

[Event "Cup Ugra"]
[Site "masterchessopen.com – Khanty Mansyisk (Russia)"]
[Date "2008.10.22"]
[Round "8"]
[White "Kabanov Nikolai (RUS)"]
[Black "Alikhanov Felix (RUS)"]
[Result "1-0"]
[WhiteElo "2483"]
[BlackElo "2437"]

1.e4 e6 2.d4 d5 3.Nd2 Nc6 4.Ngf3 Nf6 5.e5 Nd7 6.Be2 f6 7.exf6 Qxf6 8.Nf1 Bd6
9.Ne3 O-O 10.O-O Qg6 11.c4 Nf6 12.c5 Bf4 13.Re1 Bd7 14.Nf1 Ng4 15.Bd3 Qf6
16.h3 Bxc1 17.Rxc1 Nh6 18.Bb5 Nf5 19.Bxc6 Bxc6 20.Qd2 Rae8 21.N1h2 Bd7 22.Ng4
Qd8 23.Rc3 Ne7 24.Nfe5 Bc8 25.Nh6+ gxh6 26.Rg3+ Kh8 27.Qxh6 Nf5 28.Ng6+ Kg8
29.Nxf8+ {#r} 1-0

[Event "Tournament (Elo) \"]
[Site "masterchessopen.com – Warsaw (Poland)"]
[Date "2008.10.23"]
[Round "3"]
[White "Wrabel Antoni (POL)"]
[Black "Mokrzanowski Andrzej (POL)"]
[Result "0-1"]
[WhiteElo "1901"]
[BlackElo "1948"]

1.e4 Nc6 2.Nf3 e6 3.d4 d5 4.Nbd2 Nf6 5.e5 Nd7 6.Be2 Be7 7.O-O O-O 8.c3 f6
9.exf6 Bxf6 10.Bd3 e5 11.dxe5 Ndxe5 12.Nxe5 Nxe5 13.Bc2 Bg4 14.f3 Bh5 15.Nb3
c6 16.Nd4 Re8 17.g4 Bf7 18.Nf5 Nc4 19.b3 Nd6 20.Bd2 Nxf5 21.Bxf5 Qb6+ 22.Kh1
Qa6 23.Qc2 g6 24.Bd3 Qb6 25.Rae1 Rac8 26.Rxe8+ Rxe8 27.Kg2 Bh4 28.Qd1 a5
29.Be1 Rxe1 {#R} 0-1

[Event "Ch Norway (team) 2008/09"]
[Site "masterchessopen.com – Norway"]
[Date "2008.11.07"]
[Round "2"]
[White "Andersen Alf Roger (NOR)"]
[Black "Esbensen Andreas (NOR)"]
[Result "1-0"]
[WhiteElo "2211"]
[BlackElo "2121"]

1.e4 e6 2.d4 d5 3.Nd2 Nc6 4.Ngf3 Nf6 5.e5 Nd7 6.c3 f6 7.exf6 Qxf6 8.Be2 Bd6
9.Nf1 Ne7 10.Ng3 O-O 11.O-O Bxg3 12.fxg3 Nf5 13.Bf4 Qe7 14.Bd3 Nf6 15.Qe2 Nd6
16.Rae1 Nde4 17.Ne5 Nd6 18.Bg5 a5 19.Rf4 Nde4 20.Bxe4 dxe4 21.Rxe4 b6 22.Rf4
Bb7 23.Ng4 {#r} 1-0

[Event "It (cat.1) (a)"]
[Site "masterchessopen.com – Chervonograd (Ukraine)"]
[Date "2008.11.08"]
[Round "12"]
[White "Bargan Sergei (MDA)"]
[Black "Shtembuliak Evgeny (UKR)"]
[Result "1-0"]
[WhiteElo "2375"]
[BlackElo "2019"]

1.d4 e6 2.e4 d5 3.Nd2 Nc6 4.Ngf3 Nf6 5.e5 Nd7 6.c3 f6 7.exf6 Nxf6 8.Bb5 Bd6
9.Ne5 Bd7 10.Bxc6 bxc6 11.Nb3 O-O 12.Bg5 Qe8 13.O-O Bxe5 14.dxe5 Ne4 15.Be3
Qg6 16.f3 Ng5 17.Nc5 Be8 18.Bxg5 Qxg5 19.Qe2 Qe7 20.Qe3 Bd7 21.a4 a5 22.Rf2
Be8 23.Nb3 Rb8 24.Qc5 Qg5 25.f4 Qf5 26.Nd4 Qg6 27.Qxa5 {#r} 1-0

[Event "It (open)"]
[Site "masterchessopen.com – Torquay (England)"]
[Date "2008.11.21"]
[Round "1"]
[White "Waterfield John (ENG)"]
[Black "Taylor Mark V (ENG)"]
[Result "0-1"]
[WhiteElo "2018"]
[BlackElo "2146"]

1.e4 e6 2.d4 d5 3.Nd2 Nc6 4.Ngf3 Nf6 5.e5 Nd7 6.c3 f6 7.exf6 Qxf6 8.Bb5 Bd6
9.O-O O-O 10.Nb3 h6 11.Be3 Ncb8 12.Nc5 c6 13.Ba4 e5 14.dxe5 Nxe5 15.Nxe5 Qxe5
16.g3 Bh3 17.Re1 Qf5 18.Nxb7 Qe4 19.f3 Rxf3 20.Qd2 Bxg3 21.Bd4 Bxe1 22.Rxe1
Qg6+ 23.Kh1 Qf7 24.Rg1 Rf1 25.Qe2 Rxg1+ 26.Kxg1 Nd7 27.Bxc6 Rf8 28.Bb5 Qg6+
29.Kh1 Ne5 30.Bxe5 Qb1+ {#R} 0-1